000 00528cam a2200181 4500500
005 20260405003227.0
041 _afre
042 _adc
100 1 0 _aGoron, Gaëtan
_eauthor
245 0 0 _aPhilocroisés #66
260 _c2021.
500 _a51
690 _aGaëtan Goron
690 _aJeu
690 _aMots croisés
786 0 _nPhilosophie magazine | 146 | 2 | 2021-02-01 | p. 105-105 | 1951-1787
856 4 1 _uhttps://shs.cairn.info/magazine-philosophie-magazine-2021-2-page-105?lang=fr&redirect-ssocas=7080
999 _c2065533
_d2065533